000 00605cam a22002054a 4500
005 20250605164252.0
008 250528s ||||||||||||||||||||||||d
035 _a21795
020 _a9789606760679
040 _aGR-AtMCL
_bgre
_dGR-AtMCL
_eAACR2
245 1 _aΠΑΙΔΙΑ ΚΑΙ ΕΦΗΒΟΙ ΜΕ ΨΥΧΟΚΟΙΝΩΝΙΚΕΣ ΚΑΙ ΜΑΘΗΣΙΑΚΕΣ ΔΙΑΤΑΡΑΧΕΣ
250 _a1
260 _bΤοπος,
_c2008
300 _a539
700 1 _aCarrier Jean Pierre
_95532
700 1 _aΚουρκουτας Ηλιας
_97711
942 _cBK
999 _c6854
_d6854